Performance ,Stability and Control Airplanes (Record no. 24665)

000 -LEADER
fixed length control field 00337nam a22000857a 4500
003 - CONTROL NUMBER IDENTIFIER
control field NUST
005 - DATE AND TIME OF LATEST TRANSACTION
control field 20170620105847.0
008 - FIXED-LENGTH DATA ELEMENTS--GENERAL INFORMATION
fixed length control field 140618b xxu||||| |||| 00| 0 eng d
020 ## - INTERNATIONAL STANDARD BOOK NUMBER
Terms of availability Available
International Standard Book Number 1563475839
040 ## - CATALOGING SOURCE
Original cataloging agency DLC
Language of cataloging DLC
Transcribing agency RCMS
082 ## - DEWEY DECIMAL CLASSIFICATION NUMBER
Edition number 2nd,ed.
Classification number 629.1341 PAM
100 ## - MAIN ENTRY--PERSONAL NAME
Personal name Bandu N.Pamadi
9 (RLIN) 2874
245 ## - TITLE STATEMENT
Title Performance ,Stability and Control Airplanes
Statement of responsibility, etc. Pamadi,Bandu N
250 ## - EDITION STATEMENT
Edition statement 2nd,ed.
260 ## - PUBLICATION, DISTRIBUTION, ETC.
Place of publication, distribution, etc. Reston,Virginia :
Name of publisher, distributor, etc. American Institute of Aeronautics and Astronautics :
Date of publication, distribution, etc. c.2014
300 ## - PHYSICAL DESCRIPTION
Extent xix,780,p:
Other physical details ill:
Dimensions 24,cm.
440 ## - SERIES STATEMENT/ADDED ENTRY--TITLE
Title AIAA Education Series
9 (RLIN) 1422
500 ## - GENERAL NOTE
General note Includes index.
538 ## - SYSTEM DETAILS NOTE
Display text Shelf No 1 Row No 5
650 ## - SUBJECT ADDED ENTRY--TOPICAL TERM
Topical term or geographic name entry element Aerospace engineering
9 (RLIN) 2467
856 ## - ELECTRONIC LOCATION AND ACCESS
Materials specified Table of Content Only
942 ## - ADDED ENTRY ELEMENTS (KOHA)
Source of classification or shelving scheme
Koha item type Book
Holdings
Withdrawn status Lost status Source of classification or shelving scheme Damaged status Not for loan Permanent Location Current Location Shelving location Date acquired Total Checkouts Full call number Barcode Date last seen Date last checked out Price effective from Koha item type
          Central Library (CL) Central Library (CL) General Stacks 06/18/2014 3 629.1341 PAM RCMS002632 06/27/2016 04/01/2016 06/18/2014 Book
© 2023 Central Library, National University of Sciences and Technology. All Rights Reserved.